[Event "HUN-chT2 Barcza 1819"]
[Site "Hungary"]
[Date "2019.04.28"]
[Round "11.4"]
[White "Debreceni, Mate"]
[Black "Zelei, Zoltan"]
[Result "1-0"]
[WhiteElo "2044"]
[BlackElo "2032"]
[PlyCount "65"]
[EventDate "2018.09.23"]
[EventType "team-tourn"]
[EventRounds "11"]
[EventCountry "HUN"]
[SourceTitle "EXT 2021"]
[Source "ChessBase"]
[SourceDate "2020.10.23"]
[SourceVersion "1"]
[SourceVersionDate "2020.10.23"]
[SourceQuality "1"]
[WhiteTeam "Debrecen Sakkbaratok"]
[BlackTeam "Mezokovesd"]
[WhiteTeamCountry "HUN"]
[BlackTeamCountry "HUN"]

1. e4 c5 2. Nf3 e6 3. d3 d5 4. Nbd2 g6 5. g3 Bg7 6. Bg2 Ne7 7. 0-0 0-0 8. Re1 Nbc6 9. c3 d4 10. c4 e5 11. Nf1 f5 12. exf5 gxf5 13. Nh4 Ng6 14. Bd5+ Kh8 15. Nxg6+ hxg6 16. f4 Ne7 17. Bg2 Qc7 18. fxe5 Bxe5 19. Bg5 Ng8 20. Nd2 Bd6 21. Nf3 Bd7 22. Nh4 Kh7 23. Qd2 Rae8 24. Bd5 Bc6 25. Qg2 Bxd5 26. cxd5 Qf7 27. Bf4 Bxf4 28. gxf4 Ne7 29. Nf3 Kg8 30. Ng5 Qxd5 31. Qh3 Rf7 32. Re5 Qd8 33. Qh8+ 1-0

[Event "HUN-chT2 Barcza 1819"]
[Site "Hungary"]
[Date "2019.03.31"]
[Round "10.4"]
[White "Zelei, Zoltan"]
[Black "Lengyel, Laszlo1111"]
[Result "1/2-1/2"]
[WhiteElo "2032"]
[BlackElo "2050"]
[PlyCount "32"]
[EventDate "2018.09.23"]
[EventType "team-tourn"]
[EventRounds "11"]
[EventCountry "HUN"]
[SourceTitle "EXT 2021"]
[Source "ChessBase"]
[SourceDate "2020.10.23"]
[SourceVersion "1"]
[SourceVersionDate "2020.10.23"]
[SourceQuality "1"]
[WhiteTeam "Mezokovesd"]
[BlackTeam "Tiszavasvar"]
[WhiteTeamCountry "HUN"]
[BlackTeamCountry "HUN"]

1. d4 Nf6 2. Nf3 e6 3. c4 d5 4. e3 Be7 5. Nbd2 0-0 6. Bd3 a6 7. b3 Nbd7 8. 0-0 c5 9. Bb2 cxd4 10. exd4 dxc4 11. bxc4 Re8 12. Bc3 h6 13. Rb1 Bf8 14. a4 b6 15. a5 bxa5 16. Qa4 Nc5 1/2-1/2

[Event "HUN-chT2 Barcza 1819"]
[Site "Hungary"]
[Date "2018.12.02"]
[Round "5.4"]
[White "Molnar, Balazs"]
[Black "Zelei, Zoltan"]
[Result "1/2-1/2"]
[WhiteElo "2130"]
[BlackElo "2032"]
[PlyCount "27"]
[EventDate "2018.09.23"]
[EventType "team-tourn"]
[EventRounds "11"]
[EventCountry "HUN"]
[SourceTitle "CBM 189 Extra"]
[Source "ChessBase"]
[SourceDate "2019.06.03"]
[SourceVersion "1"]
[SourceVersionDate "2019.06.03"]
[SourceQuality "1"]
[WhiteTeam "Hajduboszormeny"]
[BlackTeam "Mezokovesd"]
[WhiteTeamCountry "HUN"]
[BlackTeamCountry "HUN"]

1. e4 c5 2. Nc3 e6 3. g3 Nc6 4. Bg2 a6 5. d3 b5 6. f4 Bb7 7. Nf3 d5 8. e5 Nh6 9. 0-0 Be7 10. Kh1 0-0 11. Ne2 f5 12. exf6 Bxf6 13. d4 Qb6 14. dxc5 1/2-1/2

[Event "HUN-chT2 Barcza 1819"]
[Site "Hungary"]
[Date "2018.10.28"]
[Round "3.3"]
[White "Zelei, Zoltan"]
[Black "Maliar, Anatoliy"]
[Result "1-0"]
[WhiteElo "2032"]
[BlackElo "2189"]
[PlyCount "79"]
[EventDate "2018.09.23"]
[EventType "team-tourn"]
[EventRounds "11"]
[EventCountry "HUN"]
[SourceTitle "CBM 189 Extra"]
[Source "ChessBase"]
[SourceDate "2019.06.03"]
[SourceVersion "1"]
[SourceVersionDate "2019.06.03"]
[SourceQuality "1"]
[WhiteTeam "Mezokovesd"]
[BlackTeam "Kazincbarcika"]
[WhiteTeamCountry "HUN"]
[BlackTeamCountry "HUN"]

1. d4 d5 2. c4 e6 3. Nf3 Nf6 4. e3 Bd6 5. Bd3 0-0 6. 0-0 b6 7. b3 Nbd7 8. Bb2 c5 9. Nbd2 Bb7 10. Qc2 Re8 11. Ne5 Nf8 12. Rae1 Rc8 13. f4 Ng6 14. Ndf3 Ne4 15. Rd1 Qe7 16. Bxe4 dxe4 17. Ng5 cxd4 18. Nexf7 Bb8 19. Rxd4 h6 20. Qc3 e5 21. fxe5 Nxe5 22. Nxe4 Rc6 23. Rd5 Re6 24. Rf5 Rg6 25. Nxe5 Re6 26. Rd7 Bxe5 27. Rxe7 Bxc3 28. Rxe8+ Rxe8 29. Nxc3 Rxe3 30. Kf2 Rd3 31. Ke2 Rd7 32. Nd5 b5 33. Re5 Kf7 34. Ba3 bxc4 35. bxc4 Ba6 36. Kd3 Kg8 37. Kd4 Rf7 38. Re2 Kh7 39. Rc2 Rf1 40. c5 1-0

[Event "HUN-chT2 Barcza 1819"]
[Site "Hungary"]
[Date "2018.10.07"]
[Round "2.3"]
[White "Papp, Levente"]
[Black "Zelei, Zoltan"]
[Result "1-0"]
[WhiteElo "2259"]
[BlackElo "2032"]
[PlyCount "55"]
[EventDate "2018.09.23"]
[EventType "team-tourn"]
[EventRounds "11"]
[EventCountry "HUN"]
[SourceTitle "CBM 189 Extra"]
[Source "ChessBase"]
[SourceDate "2019.06.03"]
[SourceVersion "1"]
[SourceVersionDate "2019.06.03"]
[SourceQuality "1"]
[WhiteTeam "Miskolc Kisbocsok"]
[BlackTeam "Mezokovesd"]
[WhiteTeamCountry "HUN"]
[BlackTeamCountry "HUN"]

1. c4 c5 2. g3 g6 3. Bg2 Bg7 4. Nc3 Nc6 5. e3 e6 6. Nge2 Nge7 7. d4 cxd4 8. Nxd4 0-0 9. Nde2 Ne5 10. b3 d5 11. Ba3 Re8 12. 0-0 N5c6 13. Rc1 dxc4 14. bxc4 Qa5 15. Qb3 a6 16. Ne4 Nf5 17. Rfd1 Rd8 18. Rxd8+ Qxd8 19. Rd1 Qa5 20. c5 Qb5 21. N2c3 Qxb3 22. axb3 Kf8 23. Na4 Be5 24. Nb6 Rb8 25. Nd6 Nfe7 26. Ndxc8 Nxc8 27. Nd7+ Ke7 28. Nxe5 1-0

[Event "HUN-chT2 Barcza 1819"]
[Site "Hungary"]
[Date "2018.09.23"]
[Round "1.3"]
[White "Zelei, Zoltan"]
[Black "Baranyai, Szabolcs Jr"]
[Result "1/2-1/2"]
[WhiteElo "2032"]
[BlackElo "2227"]
[PlyCount "100"]
[EventDate "2018.09.23"]
[EventType "team-tourn"]
[EventRounds "11"]
[EventCountry "HUN"]
[SourceTitle "CBM 189 Extra"]
[Source "ChessBase"]
[SourceDate "2019.06.03"]
[SourceVersion "1"]
[SourceVersionDate "2019.06.03"]
[SourceQuality "1"]
[WhiteTeam "Mezokovesd"]
[BlackTeam "Hajduszoboszlo"]
[WhiteTeamCountry "HUN"]
[BlackTeamCountry "HUN"]

1. Nf3 d5 2. d4 Nf6 3. g3 Bf5 4. Bg2 e6 5. 0-0 h6 6. Nbd2 Nbd7 7. c4 c6 8. b3 Be7 9. Bb2 0-0 10. Ne5 Qc7 11. Re1 Nxe5 12. dxe5 Nd7 13. e4 dxe4 14. Bxe4 Bxe4 15. Rxe4 Nc5 16. Re3 Rad8 17. Qe2 Rd7 18. Ne4 Nxe4 19. Rxe4 Rfd8 20. Bc3 Qb6 21. Qe1 Bc5 22. b4 Bd4 23. Rxd4 Rxd4 24. c5 Qb5 25. Bxd4 Rxd4 26. Rd1 Qxb4 27. Qxb4 Rxb4 28. Rd8+ Kh7 29. Rd7 Kg6 30. Kg2 a5 31. h4 h5 32. Kf3 Rb5 33. Ke3 Rxc5 34. Rxb7 Rxe5+ 35. Kf3 Rc5 36. Ra7 f5 37. a4 Kf6 38. Ke3 e5 39. f3 g6 40. Ra8 Ke6 41. Kd3 Rd5+ 42. Ke3 Kd7 43. Ra7+ Ke6 44. Ra6 Rc5 45. Kd3 Kd5 46. Ra8 e4+ 47. fxe4+ fxe4+ 48. Kd2 Ke5 49. Ke3 Rc3+ 50. Kf2 Rc2+ 1/2-1/2

[Event "HUN-chT2 Barcza 1718"]
[Site "Hungary"]
[Date "2018.01.28"]
[Round "7.5"]
[White "Dudas, Peter"]
[Black "Zelei, Zoltan"]
[Result "1/2-1/2"]
[WhiteElo "2214"]
[BlackElo "2042"]
[PlyCount "50"]
[EventDate "2017.09.24"]
[EventType "team-tourn"]
[EventRounds "11"]
[EventCountry "HUN"]
[SourceTitle "EXT 2021"]
[Source "ChessBase"]
[SourceDate "2020.10.23"]
[SourceVersion "1"]
[SourceVersionDate "2020.10.23"]
[SourceQuality "1"]
[WhiteTeam "Edeleny"]
[BlackTeam "Mezokovesd"]
[WhiteTeamCountry "HUN"]
[BlackTeamCountry "HUN"]

1. d4 Nf6 2. c4 e6 3. Nf3 d5 4. cxd5 exd5 5. Nc3 c6 6. Bg5 Be7 7. Qc2 0-0 8. e3 Bg4 9. Ne5 Bh5 10. Bd3 Bg6 11. Nxg6 hxg6 12. 0-0 Nbd7 13. Rfd1 Re8 14. Rab1 Ne4 15. Bxe7 Qxe7 16. Bxe4 dxe4 17. d5 Rac8 18. Qa4 a6 19. dxc6 Nc5 20. Qd4 Rxc6 21. Nd5 Qe5 22. Nb4 Rcc8 23. Qxe5 Rxe5 24. Rbc1 Rce8 25. a3 a5 1/2-1/2

[Event "HUN-chT2 Barcza 1617"]
[Site "Hungary"]
[Date "2017.04.09"]
[Round "11.3"]
[White "Zelei, Zoltan"]
[Black "Herczeg, Tibor"]
[Result "1/2-1/2"]
[WhiteElo "2043"]
[BlackElo "2075"]
[PlyCount "22"]
[EventDate "2016.09.25"]
[EventType "team-tourn"]
[EventRounds "11"]
[EventCountry "HUN"]
[SourceTitle "EXT 2021"]
[Source "ChessBase"]
[SourceDate "2020.10.23"]
[SourceVersion "1"]
[SourceVersionDate "2020.10.23"]
[SourceQuality "1"]
[WhiteTeam "Mezokovesd"]
[BlackTeam "Sajobabony"]
[WhiteTeamCountry "HUN"]
[BlackTeamCountry "HUN"]

1. d4 d5 2. c4 e6 3. Nc3 Nf6 4. e3 Be7 5. Nf3 0-0 6. Bd3 b6 7. 0-0 Bb7 8. cxd5 exd5 9. Ne5 c5 10. b3 Nc6 11. Nxc6 Bxc6 1/2-1/2

[Event "HUN-chT2 Barcza 1617"]
[Site "Hungary"]
[Date "2016.11.27"]
[Round "5.3"]
[White "Zelei, Zoltan"]
[Black "Molnar, Balazs"]
[Result "0-1"]
[WhiteElo "2044"]
[BlackElo "2157"]
[PlyCount "64"]
[EventDate "2016.09.25"]
[EventType "team-tourn"]
[EventRounds "11"]
[EventCountry "HUN"]
[SourceTitle "EXT 2021"]
[Source "ChessBase"]
[SourceDate "2020.10.23"]
[SourceVersion "1"]
[SourceVersionDate "2020.10.23"]
[SourceQuality "1"]
[WhiteTeam "Mezokovesd"]
[BlackTeam "Hajduboszormeny"]
[WhiteTeamCountry "HUN"]
[BlackTeamCountry "HUN"]

1. d4 d5 2. c4 e6 3. e3 Nf6 4. Nf3 c6 5. Bd3 Nbd7 6. 0-0 Bd6 7. Nc3 0-0 8. e4 dxc4 9. Bxc4 b5 10. Bxe6 fxe6 11. e5 b4 12. Ne2 Bc7 13. exf6 Qxf6 14. Qa4 e5 15. Qxb4 Ba6 16. Qb3+ Kh8 17. Qc2 Bxe2 18. Qxe2 exd4 19. Qd3 Ne5 20. Nxe5 Qxe5 21. g3 Qd5 22. b3 Rf3 23. Qd1 Raf8 24. Ba3 c5 25. Rc1 Bd6 26. Qc2 h5 27. Bxc5 Rc3 28. Bxd6 Rxc2 29. Bxf8 d3 30. Be7 Rxc1 31. Rxc1 d2 32. Rd1 Qe4 0-1

[Event "HUN-chT2 Barcza 1617"]
[Site "Hungary"]
[Date "2016.11.13"]
[Round "4.3"]
[White "Kosa, Peter"]
[Black "Zelei, Zoltan"]
[Result "1/2-1/2"]
[WhiteElo "2091"]
[BlackElo "2046"]
[PlyCount "29"]
[EventDate "2016.09.25"]
[EventType "team-tourn"]
[EventRounds "11"]
[EventCountry "HUN"]
[SourceTitle "EXT 2021"]
[Source "ChessBase"]
[SourceDate "2020.10.23"]
[SourceVersion "1"]
[SourceVersionDate "2020.10.23"]
[SourceQuality "1"]
[WhiteTeam "Hajduszoboszlo"]
[BlackTeam "Mezokovesd"]
[WhiteTeamCountry "HUN"]
[BlackTeamCountry "HUN"]

1. e4 c5 2. Nc3 e6 3. g3 a6 4. Bg2 Nc6 5. d3 g6 6. f4 d6 7. Nf3 Bg7 8. 0-0 Nge7 9. Be3 0-0 10. Bf2 Rb8 11. g4 b5 12. d4 cxd4 13. Nxd4 Nxd4 14. Bxd4 e5 15. fxe5 1/2-1/2

[Event "HUN-chT2 Barcza 1617"]
[Site "Hungary"]
[Date "2016.09.25"]
[Round "1.3"]
[White "Radai, Zoltan Mate"]
[Black "Zelei, Zoltan"]
[Result "1-0"]
[WhiteElo "1969"]
[BlackElo "2056"]
[PlyCount "57"]
[EventDate "2016.09.25"]
[EventType "team-tourn"]
[EventRounds "11"]
[EventCountry "HUN"]
[SourceTitle "EXT 2021"]
[Source "ChessBase"]
[SourceDate "2020.10.23"]
[SourceVersion "1"]
[SourceVersionDate "2020.10.23"]
[SourceQuality "1"]
[WhiteTeam "Tiszavasvar"]
[BlackTeam "Mezokovesd"]
[WhiteTeamCountry "HUN"]
[BlackTeamCountry "HUN"]

1. d4 Nf6 2. c4 e6 3. Nf3 d5 4. g3 Be7 5. Bg2 0-0 6. 0-0 Nbd7 7. Nc3 c6 8. Nd2 Re8 9. e4 dxe4 10. Ndxe4 Nxe4 11. Nxe4 Nf6 12. Nc3 Bd7 13. Bf4 Qa5 14. Re1 Rad8 15. g4 h6 16. h4 Qb4 17. g5 hxg5 18. hxg5 Nh7 19. Qh5 g6 20. Qh4 Qxb2 21. Qg3 Bc8 22. Ne4 Qxd4 23. Be5 Qd3 24. Re3 Qc2 25. Qh4 Rd1+ 26. Kh2 Rd3 27. Rae1 Red8 28. Bf1 R3d4 29. Qxh7+ 1-0

[Event "HUN-chT2 Barcza 1516"]
[Site "Hungary"]
[Date "2015.10.04"]
[Round "2.5"]
[White "Kiss, Zoltan Zsolt"]
[Black "Zelei, Zoltan"]
[Result "1-0"]
[WhiteElo "1911"]
[BlackElo "2068"]
[PlyCount "67"]
[EventDate "2015.09.13"]
[EventType "team-tourn"]
[EventRounds "11"]
[EventCountry "HUN"]
[SourceTitle "CBM 170 Extra"]
[Source "ChessBase"]
[SourceDate "2016.02.25"]
[SourceVersion "1"]
[SourceVersionDate "2016.02.25"]
[SourceQuality "1"]
[WhiteTeam "Kazincbarcika"]
[BlackTeam "Mezokovesd"]
[WhiteTeamCountry "HUN"]
[BlackTeamCountry "HUN"]

1. Nf3 d5 2. d4 Nf6 3. c4 c6 4. Nc3 e6 5. Bg5 Be7 6. e3 0-0 7. Bd3 Nbd7 8. 0-0 b6 9. cxd5 exd5 10. Rc1 Bb7 11. Qe2 Re8 12. Ba6 Qc8 13. Bd3 c5 14. dxc5 bxc5 15. Bb5 a6 16. Ba4 Rd8 17. Rfd1 Nb6 18. Bb3 Qg4 19. h3 Qf5 20. a4 d4 21. e4 Qg6 22. Ne5 d3 23. Qf3 Qxg5 24. Nxf7 Qg6 25. Ne5+ c4 26. Nxg6 hxg6 27. a5 d2 28. Ra1 cxb3 29. axb6 Rd4 30. Nd5 Nxd5 31. exd5 Bxd5 32. Qe3 Re4 33. Qxd2 Bf7 34. Qd3 1-0

[Event "HUN-chT2 Barcza 1415"]
[Site "Hungary"]
[Date "2015.02.08"]
[Round "?"]
[White "Hidegh, Gabor"]
[Black "Zelei, Zoltan"]
[Result "0-1"]
[WhiteElo "2141"]
[BlackElo "2053"]
[PlyCount "72"]
[EventDate "2014.09.07"]
[EventType "team-tourn"]
[EventRounds "11"]
[EventCountry "HUN"]
[SourceTitle "EXT 2016"]
[Source "ChessBase"]
[SourceDate "2015.10.08"]
[SourceVersion "1"]
[SourceVersionDate "2015.10.08"]
[SourceQuality "1"]
[WhiteTeam "Edeleny"]
[BlackTeam "Mezokovesd"]
[WhiteTeamCountry "HUN"]
[BlackTeamCountry "HUN"]

1. d4 Nf6 2. Nf3 g6 3. c4 Bg7 4. Nc3 d6 5. e4 0-0 6. Be2 e5 7. 0-0 Nbd7 8. Be3 Re8 9. dxe5 dxe5 10. Qd2 c6 11. Rfd1 Qe7 12. Bg5 Nc5 13. b4 Ncxe4 14. Nxe4 Nxe4 15. Bxe7 Nxd2 16. Rxd2 e4 17. Nd4 Rxe7 18. Rad1 Bh6 19. Rc2 Bd7 20. c5 Be8 21. Nb3 f5 22. Bc4+ Bf7 23. Na5 Kf8 24. a4 Bf4 25. g3 Be5 26. b5 Be8 27. f4 exf3 28. Kf2 cxb5 29. axb5 Rc8 30. c6 bxc6 31. bxc6 Bc7 32. Ba6 Bb6+ 33. Kxf3 Rcc7 34. Nc4 Bxc6+ 35. Kf4 Re4+ 36. Kg5 Kg7 0-1

[Event "HUN-chT2 Barcza 1415"]
[Site "Hungary"]
[Date "2014.11.30"]
[Round "5.4"]
[White "Rakaczki, Csaba"]
[Black "Zelei, Zoltan"]
[Result "1/2-1/2"]
[WhiteElo "2143"]
[BlackElo "2053"]
[PlyCount "66"]
[EventDate "2014.09.07"]
[EventType "team-tourn"]
[EventRounds "11"]
[EventCountry "HUN"]
[SourceTitle "EXT 2016"]
[Source "ChessBase"]
[SourceDate "2015.10.08"]
[SourceVersion "1"]
[SourceVersionDate "2015.10.08"]
[SourceQuality "1"]
[WhiteTeam "Debrecen Sakkbaratok"]
[BlackTeam "Mezokovesd"]
[WhiteTeamCountry "HUN"]
[BlackTeamCountry "HUN"]

1. e4 c5 2. d4 cxd4 3. c3 d3 4. f4 e6 5. Nf3 Nc6 6. Be3 d5 7. e5 Nh6 8. Bxd3 Be7 9. Nbd2 Nf5 10. Bf2 a6 11. Nb3 h5 12. Qd2 g6 13. Rd1 Qc7 14. 0-0 b5 15. a3 Bb7 16. Bxf5 gxf5 17. Be3 Na5 18. Nxa5 Qxa5 19. Qf2 Rc8 20. Rd2 Qc7 21. Rfd1 Rg8 22. Nd4 Bc6 23. Qe2 Rh8 24. Rf1 Kd7 25. Rf3 Rcg8 26. Rh3 Rg4 27. Qd3 Kc8 28. a4 Qb7 29. a5 Bd7 30. Rc2 Qc7 31. b4 h4 32. Rf3 Qc4 33. Qxc4+ dxc4 1/2-1/2

[Event "HUN-chT2 Barcza 1415"]
[Site "Hungary"]
[Date "2014.10.12"]
[Round "?"]
[White "Menyhart, Tibor"]
[Black "Zelei, Zoltan"]
[Result "1/2-1/2"]
[WhiteElo "2112"]
[BlackElo "2053"]
[PlyCount "70"]
[EventDate "2014.09.07"]
[EventType "team-tourn"]
[EventRounds "11"]
[EventCountry "HUN"]
[SourceTitle "EXT 2016"]
[Source "ChessBase"]
[SourceDate "2015.10.08"]
[SourceVersion "1"]
[SourceVersionDate "2015.10.08"]
[SourceQuality "1"]
[WhiteTeam "Debrecen Sakkiskola"]
[BlackTeam "Mezokovesd"]
[WhiteTeamCountry "HUN"]
[BlackTeamCountry "HUN"]

1. d4 d5 2. c4 e6 3. Nc3 Nf6 4. Bg5 Be7 5. e3 0-0 6. Nf3 Nbd7 7. Rc1 c6 8. a3 a6 9. h3 dxc4 10. Bxc4 b5 11. Ba2 Bb7 12. 0-0 Rc8 13. Qe2 Nd5 14. Bxe7 Qxe7 15. Nxd5 cxd5 16. Bb1 g6 17. Ne5 Nb6 18. Bd3 Kg7 19. Rfd1 f6 20. Nf3 Nc4 21. Rc2 Nd6 22. Rdc1 Qd7 23. b3 Rxc2 24. Rxc2 Rc8 25. Rc5 Ne4 26. Rc2 Nd6 27. h4 Ne4 28. Ne1 Rxc2 29. Qxc2 Qc6 30. Bxe4 dxe4 31. Qxc6 Bxc6 32. b4 Kf7 33. Kf1 Ke7 34. Ke2 Kd6 35. Kd2 Bd5 1/2-1/2

[Event "HUN-chT2 Erkel 1314"]
[Site "Hungary"]
[Date "2014.03.23"]
[Round "9.4"]
[White "Vereb, Gabor"]
[Black "Zelei, Zoltan"]
[Result "1-0"]
[WhiteElo "2120"]
[BlackElo "2059"]
[PlyCount "99"]
[EventDate "2013.09.08"]
[EventType "team-tourn"]
[EventRounds "11"]
[EventCountry "HUN"]
[SourceTitle "EXT 2016"]
[Source "ChessBase"]
[SourceDate "2015.10.08"]
[SourceVersion "1"]
[SourceVersionDate "2015.10.08"]
[SourceQuality "1"]
[WhiteTeam "Szada GSBE"]
[BlackTeam "Mezokovesd"]
[WhiteTeamCountry "HUN"]
[BlackTeamCountry "HUN"]

1. d3 d5 2. g3 Nf6 3. Bg2 g6 4. c4 c6 5. cxd5 cxd5 6. Nc3 Bg7 7. Qb3 e6 8. Nf3 0-0 9. 0-0 Nbd7 10. Be3 b6 11. Rfc1 Ng4 12. Bg5 f6 13. Bf4 Nc5 14. Qa3 e5 15. Bd2 e4 16. Ne1 f5 17. h3 Nf6 18. Nb5 Ba6 19. Rxc5 bxc5 20. Qxa6 Qb6 21. Qxb6 axb6 22. Nc7 Ra7 23. Ne6 Re8 24. Nxg7 Kxg7 25. e3 d4 26. exd4 cxd4 27. Nc2 Rd7 28. dxe4 fxe4 29. Re1 Rc8 30. Nb4 Re7 31. Bg5 d3 32. Nxd3 Rd7 33. Bxf6+ Kxf6 34. Bxe4 Re8 35. Re3 Rd4 36. f3 Rc8 37. Kf2 Rcd8 38. Re2 Rxd3 39. Bxd3 Rxd3 40. Rc2 Ke5 41. Ke2 Rd6 42. Ke3 h5 43. b4 Kf5 44. h4 Re6+ 45. Kd4 Rd6+ 46. Kc4 Rc6+ 47. Kb3 Re6 48. a4 g5 49. hxg5 Kxg5 50. a5 1-0

[Event "HUN-chT2 Erkel 1314"]
[Site "Hungary"]
[Date "2013.10.20"]
[Round "3.5"]
[White "Trajber, Csaba"]
[Black "Zelei, Zoltan"]
[Result "0-1"]
[WhiteElo "2034"]
[BlackElo "2059"]
[PlyCount "70"]
[EventDate "2013.09.08"]
[EventType "team-tourn"]
[EventRounds "11"]
[EventCountry "HUN"]
[SourceTitle "EXT 2016"]
[Source "ChessBase"]
[SourceDate "2015.10.08"]
[SourceVersion "1"]
[SourceVersionDate "2015.10.08"]
[SourceQuality "1"]
[WhiteTeam "Fot"]
[BlackTeam "Mezokovesd"]
[WhiteTeamCountry "HUN"]
[BlackTeamCountry "HUN"]

1. e4 c5 2. Nf3 e6 3. d4 cxd4 4. Nxd4 a6 5. Be2 Qc7 6. 0-0 Nc6 7. Nc3 Nf6 8. Kh1 b5 9. a3 Bb7 10. f4 Bc5 11. Nb3 Bb6 12. e5 Nd5 13. Ne4 0-0 14. Bd3 f5 15. Nd6 Nce7 16. Qe2 Ng6 17. Qe1 Bc6 18. Bd2 Qa7 19. Na5 Bxa5 20. Bxa5 Ndxf4 21. Rf2 Nh3 22. Rd2 Ngf4 23. Qg3 Nxg2 24. Rxg2 Nf2+ 25. Kg1 Ne4+ 26. Qf2 Nxf2 27. Rxf2 Qe3 28. Re1 Qh3 29. Bd2 f4 30. Ne4 Rf5 31. Bxf4 Qg4+ 32. Bg3 Rxf2 33. Kxf2 Rf8+ 34. Ke3 h5 35. Nf2 Qg5+ 0-1

[Event "HUN-chT2 Erkel 1314"]
[Site "Hungary"]
[Date "2013.09.08"]
[Round "1.4"]
[White "Zelei, Zoltan"]
[Black "Kulcsar, Tamas"]
[Result "1/2-1/2"]
[WhiteElo "2059"]
[BlackElo "2064"]
[PlyCount "63"]
[EventDate "2013.09.08"]
[EventType "team-tourn"]
[EventRounds "11"]
[EventCountry "HUN"]
[SourceTitle "EXT 2016"]
[Source "ChessBase"]
[SourceDate "2015.10.08"]
[SourceVersion "1"]
[SourceVersionDate "2015.10.08"]
[SourceQuality "1"]
[WhiteTeam "Mezokovesd"]
[BlackTeam "Vizugy"]
[WhiteTeamCountry "HUN"]
[BlackTeamCountry "HUN"]

1. d4 Nf6 2. c4 e6 3. Nf3 Bb4+ 4. Bd2 Qe7 5. e3 b6 6. Bd3 Bb7 7. 0-0 Bxd2 8. Nbxd2 d6 9. Qc2 Nbd7 10. b4 c5 11. bxc5 dxc5 12. a4 0-0 13. a5 h6 14. Rfb1 Rfe8 15. Ne4 Bc6 16. Nxf6+ Qxf6 17. Be4 Bxe4 18. Qxe4 Qd8 19. Ne5 Nxe5 20. dxe5 Rb8 21. g3 Qc7 22. Rb5 Red8 23. axb6 Rxb6 24. Rba5 Rd7 25. Qa8+ Rb8 26. Qxa7 Qxa7 27. Rxa7 Rxa7 28. Rxa7 Rb4 29. Rc7 Rxc4 30. Kf1 Rc2 31. g4 g5 32. h3 1/2-1/2

[Event "HUN-chT2 Erkel 1213"]
[Site "Hungary"]
[Date "2013.03.03"]
[Round "8.4"]
[White "Zelei, Zoltan"]
[Black "Hajdu, Sandor"]
[Result "1/2-1/2"]
[WhiteElo "2059"]
[BlackElo "1907"]
[PlyCount "70"]
[EventDate "2012.09.16"]
[EventType "team-tourn"]
[EventRounds "11"]
[EventCountry "HUN"]
[SourceTitle "EXT 2014"]
[Source "ChessBase"]
[SourceDate "2013.11.20"]
[SourceVersion "1"]
[SourceVersionDate "2013.11.20"]
[SourceQuality "1"]
[WhiteTeam "Mezokovesd"]
[BlackTeam "Andornaktalya"]
[WhiteTeamCountry "HUN"]
[BlackTeamCountry "HUN"]

1. d4 a6 2. c4 c5 3. e3 Nf6 4. Nc3 e6 5. Nf3 d5 6. a4 Bd6 7. Bd3 Nc6 8. 0-0 0-0 9. b3 b6 10. Bb2 Re8 11. Ne2 Nb4 12. Ne5 cxd4 13. exd4 Nxd3 14. Nxd3 dxc4 15. bxc4 Bb7 16. Ng3 Rc8 17. Rc1 Qd7 18. Ne5 Bxe5 19. dxe5 Qc6 20. f3 Red8 21. Qc2 Nd5 22. Qf2 Nf4 23. Qe3 Nd3 24. Rb1 Qxc4 25. Qxb6 Bc6 26. Ba1 Qxa4 27. Rfd1 Rd5 28. Ne4 Rb5 29. Qe3 Rxb1 30. Rxb1 Qc2 31. Rf1 Bxe4 32. Qxe4 h6 33. Bd4 Rc4 34. Qa8+ Kh7 35. Qe4+ Kg8 1/2-1/2

[Event "HUN-chT2 Barcza 1112 "]
[Site "Hungary"]
[Date "2012.04.22"]
[Round "9"]
[White "Zelei, Zoltan"]
[Black "Kanyadi, Zoltan"]
[Result "1/2-1/2"]
[WhiteElo "2022"]
[BlackElo "2109"]
[PlyCount "38"]
[EventDate "2011.09.25"]
[EventType "team-tourn"]
[EventRounds "11"]
[EventCountry "HUN"]
[SourceTitle "EXT 2013"]
[Source "ChessBase"]
[SourceDate "2012.11.22"]
[SourceVersion "1"]
[SourceVersionDate "2012.11.22"]
[SourceQuality "1"]
[WhiteTeam "Mezokovesd"]
[BlackTeam "Debrecen Sakkbaratok"]
[WhiteTeamCountry "HUN"]
[BlackTeamCountry "HUN"]

1. d4 Nf6 2. Nf3 g6 3. g3 Bg7 4. Bg2 0-0 5. 0-0 d6 6. c4 Nbd7 7. Nc3 c6 8. Qc2 Qc7 9. e4 e5 10. dxe5 dxe5 11. b3 Re8 12. Bb2 Nf8 13. Rad1 Bg4 14. h3 Bxf3 15. Bxf3 Ne6 16. Ne2 Rad8 17. Bg2 Nh5 18. Bf3 Nf6 19. Bg2 Nh5 1/2-1/2